000 00632nam a2200241Ia 4500
003 OSt
005 20220918200328.0
006 a|||||r|||| 00| 0
007 ta
008 220917b |||||||| |||| 00| 0 eng d
024 _a88,324
037 _cTextual
040 _aARTS
_cARTS
_beng
041 _2eng
_aeng
082 _aU18, J7
100 _aRayner William Horace
_993576
245 0 _aSurveying
_b elementary and advanced
260 _c1957
650 _aGEOGRAPHY
700 _a Schmidt Milton O
_993577
942 _hU18, J7
_cTEXL
_2CC
999 _c212012
_d212012